|
|
|
|
| LEADER |
00000nam0a2200000 4500 |
| 001 |
326433 |
| 005 |
20231102003848.0 |
| 035 |
|
|
|a (RuTPU)RU\TPU\book\352081
|
| 090 |
|
|
|a 326433
|
| 100 |
|
|
|a 20161227d1938 m y0rusy50 ca
|
| 101 |
0 |
|
|a rus
|
| 102 |
|
|
|a RU
|
| 105 |
|
|
|a a z 000zb
|
| 200 |
1 |
|
|a "Волшебная флейта" Моцарта
|f И. И. Соллертинский
|
| 210 |
|
|
|a Ленинград
|c Изд-во Ленинградской филармонии
|d 1938
|
| 215 |
|
|
|a 32 с.
|c ил.
|
| 225 |
1 |
|
|a Путеводитель по концертам
|
| 600 |
|
1 |
|a Моцарт
|g Вольфганг Амадей
|f 1756-1791
|c австрийский композитор
|b В. А.
|2 stltpush
|3 (RuTPU)RU\TPU\pers\389
|
| 606 |
1 |
|
|a Оперы
|2 stltpush
|3 (RuTPU)RU\TPU\subj\47064
|9 66131
|
| 610 |
1 |
|
|a музыка
|
| 610 |
1 |
|
|a музыкальные произведения
|
| 610 |
1 |
|
|a либретто
|
| 610 |
1 |
|
|a содержание
|
| 675 |
|
|
|a 782
|v 4
|
| 700 |
|
1 |
|a Соллертинский
|b И. И.
|
| 801 |
|
1 |
|a RU
|b 63413507
|c 20161227
|
| 801 |
|
2 |
|a RU
|b 63413507
|c 20200220
|g RCR
|
| 942 |
|
|
|c BK
|